[Event "Basel Hilton op 14th"]
[Site "Basel"]
[Date "2012.01.02"]
[Round "2"]
[White "Sperzel, Bernd"]
[Black "Seitz, Benjamin"]
[Result "0-1"]
[WhiteElo "1983"]
[BlackElo "2128"]
[PlyCount "76"]
[EventDate "2012.01.01"]
[EventType "swiss"]
[EventRounds "7"]
[EventCountry "SUI"]
[SourceTitle "CBM 146 Extra"]
[Source "ChessBase"]
[SourceDate "2012.02.29"]
[SourceVersion "1"]
[SourceVersionDate "2012.02.29"]
[SourceQuality "1"]

1. d4 e6 2. e4 d5 3. exd5 exd5 4. Bd3 Bd6 5. Ne2 h6 6. Bf4 Nf6 7. c3 0-0 8. Bxd6 Qxd6 9. 0-0 b6 10. Nd2 Be6 11. Nf3 c5 12. h3 Nc6 13. Ng3 Rad8 14. Re1 cxd4 15. cxd4 Qb4 16. b3 Ne4 17. a3 Qd6 18. Nxe4 dxe4 19. Bxe4 Nxd4 20. Nxd4 Qxd4 21. Qxd4 Rxd4 22. b4 Rc8 23. Rad1 Rxd1 24. Rxd1 Kf8 25. Rd3 Ke7 26. Bf3 Rc1+ 27. Kh2 Rc2 28. Kg3 g5 29. Bd1 Rb2 30. Rc3 f5 31. Rc7+ Kf6 32. Rxa7 f4+ 33. Kh2 Rxf2 34. Bf3 h5 35. Kg1 Rc2 36. Ra6 g4 37. hxg4 hxg4 38. Bb7 g3 0-1